| 000 | 01283pam a2200349 4500 | ||
|---|---|---|---|
| 999 |
_c8184 _d8184 |
||
| 001 | 8184 | ||
| 003 | BD - JhCC | ||
| 005 | 20191214131234.0 | ||
| 008 | 840522s1985 enk 000 0 eng | ||
| 020 | _a0521265266 (v. 1) | ||
| 020 | _a0521319374 (pbk. : v. 1) | ||
| 020 | _a0521265258 (v. 2) | ||
| 020 | _a0521319366 (pbk. : v. 2) | ||
| 035 | _aMITb10221915 | ||
| 035 | _a(BD - JhCC)8184 | ||
| 035 | _aGLIS00221915 | ||
| 040 |
_aDLC _cDLC _dMYG _dBD - JhCC |
||
| 041 | _aeng | ||
| 050 | 0 |
_aPR5852 _b.W67 1985 |
|
| 082 |
_bWOR 1985 _a812 |
||
| 099 | _aPR5852.W67 1985 | ||
| 100 | 1 |
_aWordsworth, William, _d1770-1850. |
|
| 245 | 1 | 0 |
_aWilliam Wordsworth / _cedited with a critical introduction and notes by Jonathan Wordsworth. |
| 260 |
_aCambridge [Cambridgeshire] ; _aNew York : _bCambridge University Press, _cc1985. |
||
| 300 |
_a2 v. ; _c23 cm. |
||
| 505 | 0 | _av. 1. The pedlar. Tintern Abbey. The two-part prelude -- v. 2. The ruined cottage. The brothers. Michael. | |
| 700 | 1 | _aWordsworth, Jonathan. | |
| 700 | 1 |
_aWordsworth, William, _d1770-1850. _tPedler ; Tintern Abbey ; The two-part prelude. |
|
| 700 | 1 |
_aWordsworth, William, _d1770-1850. _tRuined cottage ; The brothers ; Jonathan. |
|
| 942 |
_2ddc _cBK |
||